Panduan protolkol & tatatertib majlis

Bibliographic Details
Main Author: Samsudin Wahab
Format: Book
Published: Selangor : PTS Publications & Distributors Sdn. Bhd. , 2006
Subjects:

MARC

LEADER 00000cam a2200000 7i4500
001 0000062784
005 20160508.0
008 160508
020 |a 9789833585663 
020 |a 9833585663 
090 0 0 |a 395   |b SAM 
100 0 |a Samsudin Wahab 
245 1 0 |a Panduan protolkol & tatatertib majlis   |c Samsudin Wahab 
260 |a Selangor :   |b PTS Publications & Distributors Sdn. Bhd. ,   |c 2006 
300 |a 224p. 
650 0 |a Etiquette 
650 0 |a Manners and customs 
999 |a 0000938992   |b Book   |c Adult Collection   |e Cawangan Tangkak